| 000 -LEADER |
| fixed length control field |
01419 a2200397 4500 |
| 003 - CONTROL NUMBER IDENTIFIER |
| control field |
Nust |
| 005 - DATE AND TIME OF LATEST TRANSACTION |
| control field |
20260407155532.0 |
| 020 ## - INTERNATIONAL STANDARD BOOK NUMBER |
| International Standard Book Number |
z |
| 040 ## - CATALOGING SOURCE |
| Transcribing agency |
Nust |
| 082 04 - DEWEY DECIMAL CLASSIFICATION NUMBER |
| Classification number |
973.932,WOO |
| 100 1# - MAIN ENTRY--PERSONAL NAME |
| Personal name |
Woodward, Bob, |
| 9 (RLIN) |
37767 |
| 245 10 - TITLE STATEMENT |
| Title |
Obama's wars / |
| Statement of responsibility, etc. |
Bob Woodward |
| 260 ## - PUBLICATION, DISTRIBUTION, ETC. |
| Place of publication, distribution, etc. |
Rawalpindi |
| Name of publisher, distributor, etc. |
Services Book Club |
| Date of publication, distribution, etc. |
2010 |
| 300 ## - PHYSICAL DESCRIPTION |
| Extent |
xviii, 441 p. |
| 505 ## - FORMATTED CONTENTS NOTE |
| Formatted contents note |
Chapter 1-33 (Page -1), Glossary (Page-381), President Obam's Final Orders, November 29,2009 (Page-385), Chapter Notes (Page-391), Acknowledgments (Page-417), Photography Credits (Page-421), Index (page-423) |
| 600 14 - SUBJECT ADDED ENTRY--PERSONAL NAME |
| Personal name |
Obama, Barack, |
| Dates associated with a name |
1961- |
| 9 (RLIN) |
108937 |
| 650 #4 - SUBJECT ADDED ENTRY--TOPICAL TERM |
| Topical term or geographic name entry element |
Afghan War, 2001- |
| 650 #4 - SUBJECT ADDED ENTRY--TOPICAL TERM |
| Topical term or geographic name entry element |
Defence policy |
| 9 (RLIN) |
108938 |
| 650 #4 - SUBJECT ADDED ENTRY--TOPICAL TERM |
| Topical term or geographic name entry element |
F?arspolitik |
| 9 (RLIN) |
108939 |
| 650 #4 - SUBJECT ADDED ENTRY--TOPICAL TERM |
| Topical term or geographic name entry element |
Kriget i Afghanistan 2001- |
| 9 (RLIN) |
108940 |
| 650 #4 - SUBJECT ADDED ENTRY--TOPICAL TERM |
| Topical term or geographic name entry element |
Military leadership |
| 9 (RLIN) |
108941 |
| 650 #4 - SUBJECT ADDED ENTRY--TOPICAL TERM |
| Topical term or geographic name entry element |
Military relations |
| 9 (RLIN) |
16717 |
| 650 #4 - SUBJECT ADDED ENTRY--TOPICAL TERM |
| Topical term or geographic name entry element |
Milit䲡 f?ndelser |
| 9 (RLIN) |
108942 |
| 650 #4 - SUBJECT ADDED ENTRY--TOPICAL TERM |
| Topical term or geographic name entry element |
Milit䲴 ledarskap |
| 9 (RLIN) |
108943 |
| 650 #4 - SUBJECT ADDED ENTRY--TOPICAL TERM |
| Topical term or geographic name entry element |
National security |
| 9 (RLIN) |
12985 |
| 650 #4 - SUBJECT ADDED ENTRY--TOPICAL TERM |
| Topical term or geographic name entry element |
Pakistan |
| 650 #4 - SUBJECT ADDED ENTRY--TOPICAL TERM |
| Topical term or geographic name entry element |
Prevention |
| 9 (RLIN) |
108944 |
| 650 #4 - SUBJECT ADDED ENTRY--TOPICAL TERM |
| Topical term or geographic name entry element |
S䫥rhetspolitik |
| 9 (RLIN) |
108945 |
| 650 #4 - SUBJECT ADDED ENTRY--TOPICAL TERM |
| Topical term or geographic name entry element |
Terrorism |
| 650 #4 - SUBJECT ADDED ENTRY--TOPICAL TERM |
| Topical term or geographic name entry element |
Terrorismbek䭰ning |
| 9 (RLIN) |
108946 |
| 650 #4 - SUBJECT ADDED ENTRY--TOPICAL TERM |
| Topical term or geographic name entry element |
USA |
| 9 (RLIN) |
108947 |
| 651 #0 - SUBJECT ADDED ENTRY--GEOGRAPHIC NAME |
| Geographic name |
F?ta staterna |
| General subdivision |
politik och f?ltning |
| 9 (RLIN) |
108948 |
| 651 #0 - SUBJECT ADDED ENTRY--GEOGRAPHIC NAME |
| Geographic name |
United States |
| General subdivision |
Military policy |
| -- |
Decision making. |
| 9 (RLIN) |
106356 |
| 651 #0 - SUBJECT ADDED ENTRY--GEOGRAPHIC NAME |
| Geographic name |
United States |
| General subdivision |
Politics and government |
| Chronological subdivision |
2009- |
| 9 (RLIN) |
108949 |
| 942 ## - ADDED ENTRY ELEMENTS (KOHA) |
| Source of classification or shelving scheme |
|
| Koha item type |
Book |
| Call number prefix |
973.932,WOO |